01391naa a22003137a 4500001001000000003000900010005001700019007000300036008003400039040005400073041000900127072002000136100001600156100001600172100002200188100001800210245016700228246014100395246009800536260003700634500013600671650003400807650002000841650002800861650003100889650001200920650001000932773013500942BR7904516BR-BrBNA20240918174421.0ta230509b bl.||||| |||| 00| 0 por d aBR-BrBNAbporcBiblioteca Nacional de Agricultura a(Pt) aF30b1440bG5141 aPaiva, J.B.1 aAlves, J.F.1 aOliveira, F.J. de1 aTeofilo, E.M.1 aCompeticao de cultivares de feijao de corda, Vigna sinensis (L.)Savi em dois municipios do Estado do Ceara [Comportamento de variedade; Quixada; Pacatuba; Brasil]1 a[Comparison of cowpea cultivars, Vigna sinensis (L.)Savi, in two counties of Ceara state [Variety behaviour; Quixada; Pacatuba; Brazil]]1 a[The SUDENE/UFC/FCPC Convention. Research programme for bean plant]b[Research report - 1978]3 aFortaleza, CE (Brasil): c1979.  aConvenio SUDENE/UFC/FCPC. Programa de pesquisa com a cultura do feijoeiro Fortaleza, CE (Brasil): 1979. p. 10-21 (BR7904516-AM)F30  aMelhoramento genetico vegetal aFeijao de corda aCompeticao de variedade aComportamento de variedade aQuixada aCeara0 tConvenio SUDENE/UFC/FCPC. Programa de pesquisa com a cultura do feijoeirobwF30 BR7904516gFortaleza, CE (Brasil), 1979. p. 10-21